000 00644nam a2200229Ia 4500
005 20230111125406.0
008 131103s9999 xx 000 0 und d
020 _a582045398
_cGBP 9.99
040 _aLoreto College
041 _aEnglish
082 _a821.4
_bMIL-PAT
245 _aJohn Milton
_cedited and introduction by Annabel Patterson
260 _aLondon
_bLongman
_c1992
300 _ax,238 p.
440 _aLongman Critical Readers
504 _aIncludes bibliographical references and index
650 _aEnglish Poetry
651 _aMilton - Criticism
700 _aPatterson,Annabel,ed.
850 _aLCLIB
942 _cBK
999 _c5727
_d56206